Απαντήσεις στα προβλήματα της C : λύσεις των ασκήσεων του βιβλίου η Γλώσσα προγραμματισμού C, δεύτερη έκδοση των Brian W. Kernigham και Dennis M. Ritchie

Αποθηκεύτηκε σε:
Λεπτομέρειες βιβλιογραφικής εγγραφής
Κύριος συγγραφέας: Tondo, Clovis L.
Άλλοι συγγραφείς: Gimpel, Scott E., Kernighan, Brian W.
Μορφή: Βιβλίο
Γλώσσα:Greek
English
Δημοσίευση: Αθήνα : Κλειδάριθμος, c2003.
Έκδοση:2η έκδ.
Θέματα:
Ετικέτες: Προσθήκη ετικέτας
Δεν υπάρχουν, Καταχωρήστε ετικέτα πρώτοι!

MARC

LEADER 00000cam a2200000 i 4500
001 1/2214
008 091119s2003 gr | ||| |||| ||gre||
020 |a 9602096748 
035 |l 10105899 
040 |a GR-MyUa  |b gre  |e AACR2 
041 1 |a gre  |h eng 
082 7 |a 005.133   |2 (22)  
100 1 |a Tondo, Clovis L. 
245 1 0 |a Απαντήσεις στα προβλήματα της C :   |b λύσεις των ασκήσεων του βιβλίου η Γλώσσα προγραμματισμού C, δεύτερη έκδοση των Brian W. Kernigham και Dennis M. Ritchie /   |c Clovis L. Tondo, Scott E. Gimpel ; μετάφραση Φώτης Σκουλαρίκης.  
250 |a 2η έκδ.  
260 |a Αθήνα :   |b Κλειδάριθμος,   |c c2003.  
300 |a 208 σ. ;   |c 24 εκ.  
500 |a Τίτλος πρωτοτύπου: The C answer book.  
500 |a Περιλαμβάνει ευρετήριο.  
650 0 |a C (Computer program language)  |x Problems, exercises, etc. 
700 1 |a Gimpel, Scott E. 
700 1 |a Kernighan, Brian W.   |t C programming language. 
852 |a INST  |b CHIOS  |e 20100929  |h 005.133 TON  |p 005200031955  |q 005200031955  |t BK  |y 0 
852 |a INST  |b LEMNOS  |e 20100205  |h 005.133 TON  |p 005600000350  |q 005600000350  |t BK  |y 0 
852 |a INST  |b LESVOS  |e 20100317  |h 005.133 TON  |p 005100046883  |q 005100046883  |t BK  |y 0 
852 |a INST  |b SAMOS  |e 20100112  |h 005.133 TON  |p 005300030911  |q 005300030911  |t BK  |y 0 
852 |a INST  |b SYROS  |e 20091119  |h 005.133 TON  |p 005500008090  |q 005500008090  |t BK  |y 0 
901 |a BIBL3-2010-1 
901 |a BIBL5-2009-3 
901 |a BIBL6-2010-1 
901 |a BIBL1-2010-1 
901 |a BIBL2-2010-3 
970 |a Κοντού  |b Παρασκευή  |z 19/11/2009